| 000 | 00891nam a22002537a 4500 | ||
|---|---|---|---|
| 999 |
_c21407 _d21407 |
||
| 003 | AR-CdUCM | ||
| 008 | 190321b ||||| |||| 00| 0 spa d | ||
| 020 | _a9789587622737 | ||
| 040 |
_aMUNICIPALIDAD PROVINCIAL DEL CUSCO _cBIBLIOTECA MUNICIPAL DEL CUSCO |
||
| 082 |
_a531/A77 _bA77 |
||
| 100 |
_aArrascue Córdova, Lily _944645 |
||
| 245 |
_aFísica mecánica : _bnivelación para estudiantes universitarios / |
||
| 260 |
_aBogotá ; _bEdiciones de la U, _bUPC, _c2015. |
||
| 300 |
_a380 Páginas. : _c24 cm. |
||
| 505 | _aContenido: Magnitudes y medida -- Cinemática -- Leyes de Newton -- Trabajo, energía mecánica y su conservación. | ||
| 650 |
_aFísica _92382 |
||
| 650 |
_aMecánica _944646 |
||
| 650 |
_aUnidades de medida _944647 |
||
| 650 |
_aCinemática _93280 |
||
| 650 |
_aLeyes de Newton _944648 |
||
| 650 |
_aVectores _944649 |
||
| 942 |
_2ddc _cLIBROS |
||
| 945 | _aRoel | ||